The greatness of the kingdom ; (Record no. 9593)

MARC details
000 -LEADER
fixed length control field 00729nam a2200241Ii 4500
001 - CONTROL NUMBER
control field 7065126
003 - CONTROL NUMBER IDENTIFIER
control field GBCCL
005 - DATE AND TIME OF LATEST TRANSACTION
control field 20241126110715.0
008 - FIXED-LENGTH DATA ELEMENTS--GENERAL INFORMATION
fixed length control field 810116n19741959inu 000 0 eng u
010 ## -
-- 60001442
020 ## - INTERNATIONAL STANDARD BOOK NUMBER
International Standard Book Number 9780884690115
040 ## - CATALOGING SOURCE
Original cataloging agency CDC
Transcribing agency CDC
082 ## - DEWEY DECIMAL CLASSIFICATION NUMBER
Classification number 231.7
Item number MCC
092 ## - LOCALLY ASSIGNED DEWEY CALL NUMBER (OCLC)
Classification number 231.7
Item number M126G
100 1# - MAIN ENTRY--PERSONAL NAME
Personal name McClain, Alva J
9 (RLIN) 16664
245 14 - TITLE STATEMENT
Title The greatness of the kingdom ;
Remainder of title an inductive study of the kingdom of God /
Statement of responsibility, etc. by Alva J. McClain
260 ## - PUBLICATION, DISTRIBUTION, ETC.
Place of publication, distribution, etc. Winona Lake, Indiana :
Name of publisher, distributor, etc. BMH Books,
Date of publication, distribution, etc. [2020, c1959]
300 ## - PHYSICAL DESCRIPTION
Extent xvi, 556 p. ;
Dimensions 24 cm
500 ## - GENERAL NOTE
General note Wiersbe Reading Room copy autographed by the author
504 ## - BIBLIOGRAPHY, ETC. NOTE
Bibliography, etc. note Includes bibliography
650 #0 - SUBJECT ADDED ENTRY--TOPICAL TERM
Topical term or geographic name entry element Kingdom of God
9 (RLIN) 2865
942 ## - ADDED ENTRY ELEMENTS (KOHA)
Source of classification or shelving scheme Dewey Decimal Classification
Koha item type Books
Holdings
Withdrawn status Lost status Source of classification or shelving scheme Damaged status Not for loan Home library Current Library Shelving location Date acquired Total checkouts Full call number Barcode Date last seen Date last checked out Copy number Price effective from Koha item type
    Dewey Decimal Classification     GRACE BIBLE COLLEGE GRACE BIBLE COLLEGE Theology 2023-03-21 2 231.7 MCC 016068 2025-05-01 2025-01-23 c.1 2023-03-21 Books
© Grace Bible College Library 2025